| 000 | 00695cam a2200181ua 4500 | ||
|---|---|---|---|
| 003 | OSt | ||
| 008 | 220205b ||||| |||| 00| 0 eng d | ||
| 020 | _a0-408-01363-X | ||
| 082 |
_a551.48 _bSHA/BA |
||
| 100 |
_aSharp, James J . _95165 |
||
| 245 | _aBasic hydrology / | ||
| 250 | _a1 / | ||
| 260 |
_aLondon : _bButterworth Scientific , _c1984. |
||
| 300 | _a150 ; . | ||
| 505 | _aChapter 1 - Introduction to BASIC Chapter 2 - Elements of hydrology Chapter 3 - Precipitation Chapter 4 - Evaporation Chapter 5 - Frequency Chapter 6 - Stream flow and surface runoff Chapter 7 - The unit hydrograph Chapter 8 - Reservoir design | ||
| 700 | 1 |
_aSawden , Peter G . _95166 |
|
| 942 | _cBK | ||
| 999 |
_c9625 _d9625 |
||